000 00888nam a2200253 a 4500
001 BRCA_5329
005 20190320205032.0
008 031210s1908----be-a######---#000-0#fre-#
041 _afre
044 _abe
050 4 _aND673.B7
_b.B37 1908
100 1 _aBastelaer, René van
_913668
245 1 0 _aLes estampes de Peter Bruegel l´ancien
_cpar René van Bastelaer.
260 _aAmbéres, Bélgica
_bG. van Oest : Librairie Nationale d´Art and d´Histoire
_c1908
300 _a71 p.
_bil., 278 láminas
_c32 cm.
500 _aIncluye índice de ilustraciones, tabla de materias, catálogo de los grabados de Peter Bruegel El viejo
500 _aE98
504 _aIncluye referencias bibliográficas
600 1 4 _aBruegel, Pieter
_cEl viejo
_d1525-1569
_913436
650 1 4 _aGrabadores flamencos
_913669
650 1 4 _aGrabados flamencos
_913670
902 _aGFM
942 _2lcc
_cB
999 _c5023
_d5023